MARC details
| 000 -CABECERA |
| campo de control de longitud fija |
01689nam a2200337 i 4500 |
| 003 - IDENTIFICADOR DEL NÚMERO DE CONTROL |
| campo de control |
DO-SdBNP |
| 005 - FECHA Y HORA DE LA ÚLTIMA TRANSACCIÓN |
| campo de control |
20240314095306.0 |
| 007 - CAMPO FIJO DE DESCRIPCIÓN FÍSICA--INFORMACIÓN GENERAL |
| campo de control de longitud fija |
ta |
| 008 - DATOS DE LONGITUD FIJA--INFORMACIÓN GENERAL |
| campo de control de longitud fija |
240314s2012 dr o 000 j spa d |
| 040 ## - FUENTE DE LA CATALOGACIÓN |
| Centro catalogador/agencia de origen |
DO-SdBNP |
| Lengua de catalogación |
spa |
| Centro/agencia transcriptor |
BNPHU |
| Normas de descripción |
rda |
| 082 ## - NÚMERO DE LA CLASIFICACIÓN DECIMAL DEWEY |
| Número de documento/Ítem |
S211 |
| Número de edición |
22 |
| 100 ## - ENTRADA PRINCIPAL--NOMBRE DE PERSONA |
| Nombre de persona |
Sánchez, Amaury |
| 9 (RLIN) |
11765 |
| 245 13 - MENCIÓN DE TÍTULO |
| Título |
El mago de Oz : |
| Resto del título |
[programa de la obra] / |
| Mención de responsabilidad, etc. |
Amaury Sánchez ; producción ejecutiva Yanira Ferry : dirección Waddys Jáquez : coreografía Pablo Pérez : escenografía Omar Martí |
| 264 #1 - PRODUCCIÓN, PUBLICACIÓN, DISTRIBUCIÓN, FABRICACIÓN Y COPYRIGHT |
| Producción, publicación, distribución, fabricación y copyright |
Santo Domingo : |
| Nombre del de productor, editor, distribuidor, fabricante |
[Teatro Nacional], |
| -- |
[Gran Teatro Cibao], |
| Fecha de producción, publicación, distribución, fabricación o copyright |
2012. |
| 300 ## - DESCRIPCIÓN FÍSICA |
| Extensión |
[28] páginas, |
| Otras características físicas |
fotografías |
| Dimensiones |
28 cm. |
| 336 ## - TIPO DE CONTENIDO |
| Fuente |
rdacontent |
| Término de tipo de contenido |
texto |
| Código de tipo de contenido |
txt |
| 337 ## - TIPO DE MEDIO |
| Fuente |
rdamedia |
| Nombre/término del tipo de medio |
sin mediación |
| Código del tipo de medio |
n |
| 338 ## - TIPO DE SOPORTE |
| Fuente |
rdacarrier |
| Nombre/término del tipo de soporte |
volumen |
| Código del tipo de soporte |
nc |
| 500 ## - NOTA GENERAL |
| Nota general |
5, 6, 7, 12, 13, 14 octubre del 2012 en el Teatro Nacional. |
| 500 ## - NOTA GENERAL |
| Nota general |
20, 21 de octubre 2012 en el Gran Teatro del Cibao. |
| 500 ## - NOTA GENERAL |
| Nota general |
Programa con los nombres de los actores, bailarines y otros. |
| 500 ## - NOTA GENERAL |
| Nota general |
Obra de teatro musical. |
| 511 ## - NOTA DE PARTICIPANTES O INTÉRPRETES |
| Nota de participantes o intérpretes |
Personajes/Actores: Dorothy - Ameris Cepeda, Tia Em - Cuché González Del Rey, Tio Henry - Miguel Lendor (Papachín), Zeke-León - Luis José Germán, Hickory-Hombre de Hojalata - Josué Guerrero, Hunk-Espantapajaros - Javier Grullón, Sra. Gultch-Bruja Del Norte - Carlota Carretero, Glinda-Hada - Hony Estrella, Profesor Marvel-Mago de Oz - Cuquín Victoria. |
| 590 ## - NOTA LOCAL (RLIN) |
| Nota local |
Inventariado, 2024/ YL |
| 700 1# - PUNTO DE ACCESO ADICIONAL--NOMBRE DE PERSONA |
| Nombre de persona |
Ferry, Yanira |
| Término indicativo de función/relación |
producción ejecutiva |
| 9 (RLIN) |
85028 |
| 700 1# - PUNTO DE ACCESO ADICIONAL--NOMBRE DE PERSONA |
| Nombre de persona |
Jáquez, Waddys |
| Término indicativo de función/relación |
dirección |
| 9 (RLIN) |
85029 |
| 700 1# - PUNTO DE ACCESO ADICIONAL--NOMBRE DE PERSONA |
| Nombre de persona |
Pérez, Pablo |
| Término indicativo de función/relación |
coreografía |
| 9 (RLIN) |
85030 |
| 700 1# - PUNTO DE ACCESO ADICIONAL--NOMBRE DE PERSONA |
| Nombre de persona |
Martí, Omar |
| Término indicativo de función/relación |
escenografía |
| 9 (RLIN) |
85031 |
| 910 ## - DATOS DE OPCIÓN DEL USUARIO (OCLC) |
| Datos de opción del usuario |
YLockward |
| 942 ## - ELEMENTOS DE PUNTO DE ACCESO ADICIONAL (KOHA) |
| Fuente del sistema de clasificación o colocación |
Dewey Decimal Classification |
| Tipo de ítem Koha |
Folleto |